banner koha

Margem de segurança do meloxicam em cães: efeitos deletérios nas células sanguíneas e trato gastrintestinal (Registro n. 175546)

MARC details
000 -LÍDER
campo de controle de tamanho fixo 01136nas a2200385 4500
001 - NÚMERO DE CONTROLE
campo de controle BR0303089
003 - IDENTIFICADOR DO NÚMERO DE CONTROLE
campo de controle BR-BrBNA
005 - DATA E HORÁRIO DA ÚLTIMA TRANSAÇÃO
campo de controle 20231205103934.0
007 - CAMPO FIXO DE DESCRIÇÃO FÍSICA--INFORMAÇÃO GERAL
campo de controle de tamanho fixo ta
008 - CAMPO DE DADOS FIXOS--INFORMAÇÃO GERAL
campo de controle de tamanho fixo 230509b bl.|||p| |||| 00| 00por d
040 ## - FONTE DA CATALOGAÇÃO
Instituição da catalogação original BR-BrBNA
Idioma da catalogação por
Instituição que transcreveu o registro Biblioteca Nacional de Agricultura
041 ## - CÓDIGO DE IDIOMA
Código do idioma do texto/trilha sonora ou título diferente (Pt)
072 ## - CÓDIGO DE CATEGORIA DE ASSUNTO
Código de Categoria de Assunto L73; L50
100 1# - ENTRADA PRINCIPAL--NOME PESSOAL
Nome pessoal Alencar, M.M.A.
100 1# - ENTRADA PRINCIPAL--NOME PESSOAL
Nome pessoal Pinto, M.T.
100 1# - ENTRADA PRINCIPAL--NOME PESSOAL
Nome pessoal Oliveira, D.M.
100 1# - ENTRADA PRINCIPAL--NOME PESSOAL
Nome pessoal Pessoa, A.W. de P.
100 1# - ENTRADA PRINCIPAL--NOME PESSOAL
Nome pessoal Cândido, I.A.
100 1# - ENTRADA PRINCIPAL--NOME PESSOAL
Nome pessoal Virgínio, C.G.
100 1# - ENTRADA PRINCIPAL--NOME PESSOAL
Nome pessoal Coelho, H. de S.M.
100 1# - ENTRADA PRINCIPAL--NOME PESSOAL
Nome pessoal Rocha, M.F.G.
245 1# - TÍTULO
Título Margem de segurança do meloxicam em cães: efeitos deletérios nas células sanguíneas e trato gastrintestinal
650 ## - ASSUNTO--TERMO TÓPICO
Cabeçalho tópico ou nome geográfico CÃO
650 ## - ASSUNTO--TERMO TÓPICO
Cabeçalho tópico ou nome geográfico GASTRENTERITE
650 ## - ASSUNTO--TERMO TÓPICO
Cabeçalho tópico ou nome geográfico INIBIDOR DE ENZIMA
650 ## - ASSUNTO--TERMO TÓPICO
Cabeçalho tópico ou nome geográfico ANTIINFLAMATÓRIO
650 ## - ASSUNTO--TERMO TÓPICO
Cabeçalho tópico ou nome geográfico CÉLULA SANGUÍNEA
650 ## - ASSUNTO--TERMO TÓPICO
Cabeçalho tópico ou nome geográfico TOXIDEZ
650 ## - ASSUNTO--TERMO TÓPICO
Cabeçalho tópico ou nome geográfico HEMOGRAMA
650 ## - ASSUNTO--TERMO TÓPICO
Cabeçalho tópico ou nome geográfico INTESTINO
650 ## - ASSUNTO--TERMO TÓPICO
Cabeçalho tópico ou nome geográfico FOTOINTERPRETAÇÃO
773 0# - ENTRADA ANALÍTICA
Título Ciência Rural (Brazil)
ISSN - International Standard Serial Number ISSN 0103-8478
Partes relacionadas (May-Jun 2003), v. 33(3) p. 525-532
Número de controle do registro BR0303089
909 ## -
-- 202311
-- Lúcia
-- 55
-- Lúcia Elande
942 ## - ELEMENTOS DE ENTRADA ADICIONADOS (KOHA)
Fonte da classificação ou esquema de arquivamento na estante Classificação AGRIS
Ocultar no OPAC Não
Tipo de material Koha Analítica
Exemplares
Situação do descarte Fonte da classificação ou esquema de arquivamento na estante Situação física Não pode ser emprestado Biblioteca de origem Biblioteca atual Localização na estante Enumeração do periódico / cronologia Total de empréstimos Data de último acesso Número do exemplar Tipo de material Koha Fonte de aquisição
  Classificação AGRIS   Consulta local Biblioteca Nacional de Agricultura - Binagri Biblioteca Nacional de Agricultura - Binagri   (May-Jun 2003), v. 33(3) p. 525-532   29/11/2023 01 Periódicos Portaria Interministerial nº 164/94

BINAGRI

Telefone: (61)3218-2567/2388/3357/2097 - binagri@agro.gov.br

Ministério da Agricultura e Pecuária , Esplanada dos Ministérios, Bloco D, Anexo B, Brasília/DF, CEP: 70.043-900